00867cam a22002534a 45000010009000000050017000090080041000260100017000670200018000840250027001020370063001290400018001920420010002100430012002200500024002322450090002562600040003463000027003865040054004135200050004676500034005176500041005517000021005921601186220170105102849.0091208s2009 ii b 000 0 eng  a 2009305630 a9780670083695 aI-E-2009-305630; 63-91 bLibrary of Congress -- New Delhi Overseas OfficecRs450.00 aDLCcDLCdDLC alcode aa-ii---00aHV6433.I4bC66 200900aConfronting terrorism /cedited by Maroof Raza ; with a foreword by Stephen P. Cohen. aNew Delhi :bPenguin Viking,c2009. axxxv, 201 p. ;c23 cm. aIncludes bibliographical references (p. 181-198). aContributed articles with reference to India. 0aTerrorismzIndiaxPrevention. 0aTerrorismxGovernment policyzIndia.1 aRaza, M. Maroof.